| 000 | 00878cam a2200289 a 4500 | ||
|---|---|---|---|
| 001 | 6000072356 | ||
| 003 | ChTaNC | ||
| 005 | 20210104163647.0 | ||
| 008 | 150630t2011 -hk||||| |||| 00| 0 chi d | ||
| 020 | _a9789622088900 (平裝) : | ||
| 041 | 0 | _achi | |
| 050 | _aBV4509.C5 | ||
| 100 | 1 |
_a關啟文 _e編 |
|
| 245 | 1 | 0 |
_a盡你的心智愛神 = _bLove God with all your mind : 基督教世界觀初探 / _c關啟文、張穎珊、吳永康等編 |
| 246 | _a基督教世界觀初探 | ||
| 246 | _aLove God with all your mind | ||
| 250 | _a初版 | ||
| 260 |
_a香港 : _b天道, _c2011 |
||
| 300 |
_a333面 ; _c21公分 |
||
| 490 |
_a基督教世界觀叢書 _aChristian worldview series |
||
| 650 | _aChristian life. | ||
| 650 | _aChurch and the world. | ||
| 700 | 1 |
_a張穎珊 _e編 |
|
| 700 | 1 |
_a吳永康 _e編 |
|
| 700 | 1 | _aTin-wing Po | |
| 942 |
_2lcc _cBK |
||
| 999 |
_c38384 _d38384 |
||